000 nam a22 7a 4500
999 _c10764
_d10764
008 180223b ||||| |||| 00| 0 eng d
100 _aVedam,C.J.
_96610
245 _aComputer Era Next-V
260 _aNew Delhi
_bGoodluck
_c2013